000
00246nam a22001217a 4500
040
_c
SY
082
_a
621
100
_a
SOK KOAM
245
_a
មីក្រូវិទ្យា ១
260
_a
RUA
_b
SOK
_c
NA
300
_a
37p.
942
_c
KB
999
_c
9566
_d
9566